South Eastern Kenya University

Library Online Public Access Catalogue


Calculus of a Single Variable: (Record no. 11998)

MARC details
000 -LEADER
fixed length control field 00251nam a22000977a 4500
020 ## - INTERNATIONAL STANDARD BOOK NUMBER
International Standard Book Number 0669393487
050 ## - LIBRARY OF CONGRESS CALL NUMBER
Classification number QA 303 .L328 1994
100 ## - MAIN ENTRY--PERSONAL NAME
Personal name ROLAND E LARSON
245 ## - TITLE STATEMENT
Title CALCULUS OF A SINGLE VARIABLE
Remainder of title EARLY TRANSCENDENTAL FUNCTIONS
942 ## - ADDED ENTRY ELEMENTS (KOHA)
Source of classification or shelving scheme Library of Congress Classification
Koha item type General circulation
Holdings
Withdrawn status Lost status Source of classification or shelving scheme Damaged status Not for loan Home library Current library Shelving location Date acquired Total Checkouts Full call number Barcode Date last seen Price effective from Koha item type Public note
    Library of Congress Classification     Kitui Town Campus Library Kitui Town Campus Library General Stacks 10/03/2016   QA 303 .L328 1994 2016/013207 10/03/2016 10/03/2016 General circulation dm
Kitui, Kenya.
+254736116989
library@seku.ac.ke